000 01509nam2a22002651 4500
001 rc\4456712
005 20250611175745.0
035 _a(NLR Aleph) 008321924
090 _a8762409
_c8762409
100 _a20130416d1967 |||y0rusy50 ca
101 0 _arus
102 _aRU
105 _ay c |||||
200 1 _aИстория советского общества
_eУказатель советской литературы. 1917-1964
_f[Сост. М.Л. Хаскелис, Е.Я. Шрейбер, М.Н. Пеклер и др.]. [Ч.] 9
_hВып. 2
_iВеликая Октябрьская социалистическая революция. (Март 1917 - март 1918 гг.)
210 _d1967
_aБ. м.
215 _a[5], 92, 11 с.
461 0 _1001rc\4456703
_12001#$aИстория СССР$eУказатель советской литературы$eМакет для обсуждения]$f[Ред. Г.М. Марковская. Т. 3$gАН СССР. Фундам. б-ка обществ. наук им. В.П. Волгина$vТ. 3
_98762358
_cМосква
_d1967
_f[Ред. Г.М. Марковская. Т. 3
_nБ. и.
_oУказатель советской литературы : Макет для обсуждения]
_tИстория СССР
_vТ. 3
702 1 _aШрейбер
_bЕ.Я.
_4220
702 1 _aПеклер
_bМ.Н.
_4220
702 1 _aХаскелис
_bМ.Л.
_4220
801 0 _aRU
_bNLR
_gpsbo
801 1 _aRU
_bELAR
_2rusmarc
852 _aNLR
_jС К-2/5517
942 _cBOOK
980 _aNB